| 000 | 00453nam a2200157Ia 4500 | ||
|---|---|---|---|
| 999 |
_c21153 _d21153 |
||
| 003 | OSt | ||
| 005 | 20200608115134.0 | ||
| 008 | 190216s9999||||xx |||||||||||||| ||und|| | ||
| 040 | _coclc | ||
| 082 |
_a342 _bJOS/K |
||
| 100 |
_aJose, Johnson _92619 |
||
| 245 | 0 |
_aKuttikalkkai Indian Bharanagadana / _cJohnson Jose |
|
| 260 |
_bLipi Publications, _aKozhikode: _c2005. |
||
| 300 | _a95p | ||
| 942 |
_cBK _2ddc _h342 _iJOS/K _k342 _mJOS/K |
||